000 00868cab a2200289 4500
001 ABS56954
008 090401t1997 xxu||||| |||| 00| 0 eng d
035 _a(Sirsi) u98396
041 _aeng
245 _aDistribution property supplement
260 _c1997
350 _a0
490 _aEstates Gazette
_v(9720) 17 May 1997, Supplement, s3-50(21)
520 _aA look at the changing distribution industry, how changes will alter demand for property, and the ways in which supplies are distributed and stored.
650 _aDISTRIBUTION INDUSTRY
650 _aDISTRIBUTION PROPERTY
650 _aLAND VALUES
650 _aMOTORWAY TOLLS
650 _aPORTS
650 _aRAILWAYS
650 _aRETAIL DISTRIBUTION
650 _aSECURITY
650 _aWAREHOUSES
690 _aPROPERTY-COMMERCIAL PROPERTY
942 _n0
948 _c27/05/1997
999 _c59794
_d59794